MARC

LEADER 00000nam0a2200000 4500
001 264989
005 20231101233900.0
035 |a (RuTPU)RU\TPU\book\287987 
090 |a 264989 
100 |a 20140623d1947 m y0rusy50 ca 
101 0 |a rus 
102 |a RU 
105 |a a j 001zy 
200 1 |a Прикладная оптика  |e учебное пособие для вузов  |f Б. В. Фефилов 
210 |a Москва  |c Геодезиздат  |d 1947 
215 |a 531 с.  |c ил. 
320 |a Алф. указ.: с. 525-531. 
606 1 |a Оптика прикладная  |x Физика  |2 stltpush  |3 (RuTPU)RU\TPU\subj\47151  |9 66211 
610 1 |a учебные пособия 
610 1 |a геометрическая оптика 
610 1 |a геодезия 
610 1 |a оптические изображения 
610 1 |a оптические приборы 
610 1 |a лучи 
610 1 |a преломление 
610 1 |a дисперсия 
610 1 |a отражение 
610 1 |a световая энергия 
610 1 |a аберрации 
610 1 |a глаза 
610 1 |a зрение 
610 1 |a фотографическая оптика 
610 1 |a лупы 
610 1 |a микроскопы 
610 1 |a телескопические системы 
610 1 |a стереоскопические системы 
675 |a 535.8(075.8)  |v 3 
700 1 |a Фефилов  |b Б. В.  |g Борис Владимирович 
801 1 |a RU  |b 63413507  |c 20140623 
801 2 |a RU  |b 63413507  |c 20210518  |g RCR 
942 |c BK